Central Library, Doon University
WEBOPAC (ONLINE PUBLIC ACCESS CATALOGUE)

Vedic Wisdom (Record no. 60112)

MARC details
000 -LEADER
fixed length control field 00514nam a22001817a 4500
005 - DATE & TIME
control field 20260128125943.0
008 - FIXED-LENGTH DATA ELEMENTS--GENERAL INFORMATION
fixed length control field 260128b |||||||| |||| 00| 0 eng d
020 ## - ISBN
International Standard Book Number 9789381384084
Price 295.00
040 ## - CATALOGING SOURCE
Original cataloging agency Doon University
041 ## - Language
Language Hindi
082 ## - DDC NUMBER
Classification number 294.5921
Book Number MEH
100 ## - MAIN ENTRY--PERSONAL NAME
Personal name Mehta, J. M
245 ## - TITLE STATEMENT
Title Vedic Wisdom
Sub Title : Selected Verses from the Vedas Material Gain and for Spiritual Happiness
260 ## - PUBLICATION, DISTRIBUTION, ETC. (IMPRINT)
Place of publication, distribution, etc New Delhi
Name of publisher, distributor, etc V. And S. Publishers
300 ## - PHYSICAL DESCRIPTION
Pages 144
650 ## - Subject
Subject Hindu Studies
942 ## - ADDED ENTRY ELEMENTS (KOHA)
Koha item type Books
100 ## - MAIN ENTRY--PERSONAL NAME
-- 26062
650 ## - Subject
-- 25783
952 ## - LOCATION AND ITEM INFORMATION (KOHA)
-- 2026-01-28
952 ## - LOCATION AND ITEM INFORMATION (KOHA)
-- 2026-01-28
952 ## - LOCATION AND ITEM INFORMATION (KOHA)
-- 2026-01-28
952 ## - LOCATION AND ITEM INFORMATION (KOHA)
-- 2026-01-28
Holdings
Withdrawn status Lost status Source of classification or shelving scheme Damaged status Not for loan Location (home branch) Sublocation or collection (holding branch) Date acquired Koha full call number Accession No. Koha date last seen Koha item type Koha issues (times borrowed)
        Not For Loan Doon University Doon University 28.01.2026 294.5921 MEH 51735 28.01.2026 Reference  
          Doon University Doon University 28.01.2026 294.5921 MEH 51736 28.01.2026 Books  
          Doon University Doon University 28.01.2026 294.5921 MEH 51737 28.01.2026 Books  
          Doon University Doon University 28.01.2026 294.5921 MEH 51738 28.01.2026 Books  
Contact : +91-135-2533126 (Library),+91-135-2533105 (Admin Office) , Email : doonlibrary@gmail.com

Powered by Koha